Statystyki dla Najpopularniejsze męskie imiona w Polsce na każdą literę

Kliknij tutaj aby rozwiązać quiz!

Ogólne statystyki

  • Ten quiz został rozwiązany 499 razy
  • Średni wynik to 13 z 31

Statystyki odpowiedzi

LiczbaImię% Poprawnych
B200 tys.Bartosz
81%
Ł385 tys.Łukasz
76%
P697 tys.Piotr
75%
J503 tys.Jan
73%
A563 tys.Andrzej
70%
G381 tys.Grzegorz
69%
C75,9 tys.Czesław
65%
T540 tys.Tomasz
65%
D290 tys.Dariusz
63%
F156 tys.Filip
63%
H180 tys.Henryk
59%
K654 tys.Krzysztof
57%
M489 tys.Michał
56%
I82,2 tys.Igor
55%
S397 tys.Stanisław
53%
E90,5 tys.Edward
47%
Z279 tys.Zbigniew
47%
W331 tys.Wojciech
43%
R263 tys.Rafał
40%
N47,3 tys.Nikodem
38%
O70,9 tys.Oskar
37%
L119 tys.Leszek
26%
X1,98 tys.Xavier
16%
Ż30Żelisław
5%
U1,72 tys.Uladzimir
2%
Ą2 Ąžuolas
0%
Ó4Óscar
0%
Q146Quang
0%
Ś77Światosław
0%
V30,8 tys.Volodymyr
0%
Y17,1 tys.Yurii
0%

Rozkład punktacji

Percentyl według liczby udzielonych odpowiedzi

Procent ludzi z każdym wynikiem

Twoja historia wyników

Nie rozwiązałeś tego quizu